000 00826nam a2200241 i 4500
001 bg
100 1 _aBANASZKIEWICZ, Karina
_d(1961- ).
245 1 0 _aNikt nie rodzi się telewidzem :
_bczłowiek, kultura, audiowizualność /
_cKarina Banaszkiewicz.
260 _aKraków :
_b"Nomos",
_c2000.
300 _a191 s., [8] s. tabl. :
_bil. (w tym kolor.) ;
_c21 cm.
504 _aBibliogr.
650 9 _aKultura audiowizualna
650 9 _aTelewizja
_xpsychologia
650 9 _aTelewizja
_xfilozofia
020 _a8385508091
040 _cBPK
041 0 _apl
080 _a7.097:316.74:316.6
920 _a83-85508-09-1
942 _cKS
008 s pl f |000 0 pol
999 _c41686
_d41686
856 _uhttp://koha.tu.koszalin.pl/cgi-bin/koha/opac-detail.pl?biblionumber=41686
_yKatalog online BPK